|
|
|
|
| LEADER |
00000nab a2200000 a 4500 |
| 001 |
vtls000146551 |
| 003 |
SK-MaSNL |
| 005 |
20260303221729.0 |
| 008 |
111104c1983 xo 0 slo |
| 015 |
|
|
|a SNBRB19rr/mm-uuuuu
|
| 035 |
|
|
|a CL0156658
|
| 040 |
|
|
|a SNKBUCL
|b slo
|c SNKBUCL
|e AACR2
|
| 041 |
0 |
|
|a slo
|
| 044 |
|
|
|a xo
|c SK
|
| 080 |
|
|
|a 82:061.7
|2 1981
|
| 080 |
|
|
|a 061.7
|2 1981
|
| 080 |
|
|
|a 82
|2 1981
|
| 080 |
|
|
|a 860 (729.1)
|2 1981
|
| 080 |
|
|
|a 929 Guillén, Nicolás
|2 1981
|
| 245 |
0 |
0 |
|a Večer Nicolása Guilléna
|
| 300 |
|
|
|b Nedeľa, príloha Nového slova č. 3, s. /8/.
|
| 500 |
|
|
|a V rubrike Zo života zväzov
|
| 600 |
1 |
7 |
|a Guillén, Nicolás,
|d 1902-1989
|2 snkbucl
|9 239949
|
| 655 |
|
7 |
|a články z novín a časopisov
|2 snkbucl
|9 267496
|
| 655 |
|
7 |
|a články z odboru literárna veda a krásna literatúra
|2 snkbucl
|9 770045
|
| 773 |
0 |
|
|t Nové slovo
|g Roč. 25, č. 3 (1983)
|
| 850 |
|
|
|a Slovenská národná knižnica v Martine
|a MTA001
|
| 852 |
|
|
|a SNK
|b KIS3GCP
|
| 958 |
|
|
|a RK
|
| 958 |
|
|
|a LX
|
| 992 |
|
|
|a RBX
|
| 999 |
|
|
|c 2235849
|d 2237779
|